| 000 | 00376 a2200121 4500 | ||
|---|---|---|---|
| 001 | ART_13162 | ||
| 005 | 20260410161910.0 | ||
| 008 | 260409a | ||
| 245 | 1 | 0 | _aConcepto y finalidad del desarrollo económico |
| 100 | 1 | _aHerschel, Federico Julio | |
| 700 | 1 | _aCibotti, Ricardo | |
| 773 | 0 |
_tRevista de Desarrollo económico _g- Nº 1 (oct. 1958) _wREV13159 |
|
| 999 |
_c26692 _d26692 |
||